000 00238nam a22000857a 4500
008 160924b xxu||||| |||| 00| 0 eng d
100 _9733
_aAggarwal.N.K.
245 _aGreat Fun With Grammar-7
260 _aNew Delhi
_bMacmilan Publications
_c2012
999 _c3390
_d3390